A passion for success : Practical, inspirational, and spiritual insight from Japan's leading entrepreneur

Written in the distinguished tradition of Tao of Leadership, this guide is an ideal fusion of inspiration and incomparable business genius, revealing an approach to wisdom and success considered revolutionary and refreshing even in Japan. Each of its key principles for the enrichment of business and...

Description complète

Enregistré dans:
Détails bibliographiques
Auteur principal: Inamori, Kazuo
Format: Livre
Langue:Undetermined
Publié: New York McGraw-Hill 1995
Sujets:
Tags: Ajouter un tag
Pas de tags, Soyez le premier à ajouter un tag!
Thư viện lưu trữ: Trung tâm Học liệu Trường Đại học Cần Thơ
LEADER 01034nam a2200217Ia 4500
001 CTU_227901
008 210402s9999 xx 000 0 und d
082 |a 658.409 
082 |b I.35 
100 |a Inamori, Kazuo 
245 2 |a A passion for success : 
245 0 |b Practical, inspirational, and spiritual insight from Japan's leading entrepreneur 
245 0 |c Kazuo Inamori 
260 |a New York 
260 |b McGraw-Hill 
260 |c 1995 
520 |a Written in the distinguished tradition of Tao of Leadership, this guide is an ideal fusion of inspiration and incomparable business genius, revealing an approach to wisdom and success considered revolutionary and refreshing even in Japan. Each of its key principles for the enrichment of business and personal life is supported by anecdotes drawn from Dr. Inamori's vast experiece. 
650 |a Doanh nhân,Businesspeople 
650 |x Hành vi của cuộc sống,Conduct of life 
910 |b dqhieu 
980 |a Trung tâm Học liệu Trường Đại học Cần Thơ